Žena dvoch mužov

Bibliographic Details
Main Author: Bodický, Samuel, 1850-1919 (Author)
Format: Article
Language:Slovak

MARC

LEADER 00000nab a2200000uu 4500
001 vtls011512948
003 SK-MaSNL
005 20260304224550.0
008 230302|1881 xo |||||||||||||||||slo|
015 |a SNBRB 
035 |a (urnnbn)urn:nbn:sk:snk:ar-001dti 
035 |a (uuid)93c83fc0-cd54-47e7-9ec8-4e3fb32acb34 
035 |a urn:nbn:sk:snk-abe363 
040 |a SNKBUCL  |b slo  |c SNKBUCL  |e AACR2 
041 0 |a slo 
044 |a xo  |c SK 
100 1 |a Bodický, Samuel,  |d 1850-1919  |4 aut  |9 100702 
245 1 0 |a Žena dvoch mužov  |c Samo Bodický 
773 0 |t Slovenské pohľady  |g Roč. 1, č. 1 (1881), s. 17-27 
958 |a OND 
958 |a EUIPO 
958 |a article21 
999 |c 3173021  |d 3174951